Woorden van alle dag zonder klinker quiz 1 - Statistieken

Algemene statistieken
  • Deze quiz is 28 keer genomen
  • De gemiddelde score is 8 van 15
Antwoordstatistieken
Hint Antwoord % Correct
mndg maandag
90%
jtpnk jetpunk
80%
mrkt markt
80%
vndg vandaag
80%
gstrn gisteren
75%
klr klaar
65%
vrdg vrijdag
65%
rstrnt restaurant
55%
lnstrk loonstrook
45%
hll hallo
40%
dktrsssstnt doktersassistente
35%
prds paradijs
25%
vrltst voorlaatste
15%
vndtn avondeten
10%
fhlmn afhaalmenu
5%
Geen overeenkomende quizzen gevonden
Scoreverdeling
Procent van Mensen met Elke Score
Percentiel versus Aantal Correcte Antwoorden
Uw Scoregeschiedenis
U heeft deze quiz nog niet genomen